The world of Asian stories: (Record no. 59780)

MARC details
000 -LEADER
fixed length control field 02674nam a22003377a 4500
005 - DATE AND TIME OF LATEST TRANSACTION
control field 20111221141429.0
010 ## - LCCN (DPL NO)
LC control number B-482190-199
020 ## - INTERNATIONAL STANDARD BOOK NUMBER
International Standard Book Number 8181463544
Terms of availability 250.00
035 ## - SYSTEM CONTROL NUMBER
System control number B-482190-199
037 ## - SOURCE OF ACQUISITION
Source of stock number/acquisition Blue Berry/Ven
082 ## - DEWEY DECIMAL CLASSIFICATION NUMBER
Classification number 808.543
100 ## - MAIN ENTRY--PERSONAL NAME
Personal name Spagnoli, Cathy
245 ## - TITLE STATEMENT
Title The world of Asian stories:
Statement of responsibility, etc by Cathy Spagnoli; illustrated by Uma Krishnaswamy
Remainder of title a teaching resource /
260 ## - PUBLICATION, DISTRIBUTION, ETC. (IMPRINT)
Place of publication, distribution, etc Chennai
Name of publisher, distributor, etc Tulika Publishers
Date of publication, distribution, etc 2010
270 ## - ADDRESS
Address 13, Prithvi Avenue, Abhiramaouram
City Chennai
Postal code 600 018
300 ## - PHYSICAL DESCRIPTION
Extent 148p.
Other physical details ill.
Dimensions 28cm(pbk)
650 ## - SUBJECT ADDED ENTRY--TOPICAL TERM
Topical term or geographic name as entry element Stories
700 ## - ADDED ENTRY--PERSONAL NAME
Personal name Krishnaswamy, Uma
9 (RLIN) 37318
942 ## - ADDED ENTRY ELEMENTS (KOHA)
Source of classification or shelving scheme Dewey Decimal Classification
Item type Children Books
Call number suffix SPA
Classification part 808.543
Holdings
Withdrawn status Lost status Not for loan Collection code Home library Current library Date acquired Source of acquisition Cost, normal purchase price Full call number Barcode Copy number Cost, replacement price Koha item type
      Non-fiction Bawana Bawana 15/11/2012 Blue Berry/IN8486/14.04.2012/43/20.03.2012/19.06.2012 250.00 808.543 SPA B-482199 1 250.00 Children Books
  Written-off vide DLB M. No. 383 dt 16.05.19   Non-fiction Central Library Central Library 15/11/2012 Blue Berry/IN8486/14.04.2012/43/20.03.2012/19.06.2012 250.00 808.543 SPA B-482190 1 250.00 Children Books
      Non-fiction Janak Puri Janak Puri 15/11/2012 Blue Berry/IN8486/14.04.2012/43/20.03.2012/19.06.2012 250.00 808.543 SPA B-482194 1 250.00 Children Books
      Non-fiction Karol Bagh Karol Bagh 15/11/2012 Blue Berry/IN8486/14.04.2012/43/20.03.2012/19.06.2012 250.00 808.543 SPA B-482197 1 250.00 Children Books
      Non-fiction Kasturba Gandhi Marg Kasturba Gandhi Marg 15/11/2012 Blue Berry/IN8486/14.04.2012/43/20.03.2012/19.06.2012 250.00 808.543 SPA B-482192 1 250.00 Children Books
      Non-fiction Narela Narela 15/11/2012 Blue Berry/IN8486/14.04.2012/43/20.03.2012/19.06.2012 250.00 808.543 SPA B-482198 1 250.00 Children Books
  Lost and Paid For   Non-fiction Patel Nagar Patel Nagar 15/11/2012 Blue Berry/IN8486/14.04.2012/43/20.03.2012/19.06.2012 250.00 808.543 SPA B-482191 1 250.00 Children Books
      Non-fiction Peshwa Road Peshwa Road 15/11/2012 Blue Berry/IN8486/14.04.2012/43/20.03.2012/19.06.2012 250.00 808.543 SPA B-482193 1 250.00 Children Books
      Non-fiction Sarojini Nagar Sarojini Nagar 15/11/2012 Blue Berry/IN8486/14.04.2012/43/20.03.2012/19.06.2012 250.00 808.543 SPA B-482195 1 250.00 Children Books
      Non-fiction Vinoba Puri Vinoba Puri 15/11/2012 Blue Berry/IN8486/14.04.2012/43/20.03.2012/19.06.2012 250.00 808.543 SPA B-482196 1 250.00 Children Books

© Delhi Public Library
Hit Counter
free hit counter